000 00854nam a22002417a 4500
999 _c175626
_d175626
005 20200911113041.0
010 _aENG-128414
020 _c489.00
_a9789332543553
035 _aEN-111946
037 _bDBAD/PUB
082 _a005.133
100 _aKamthane, Ashok N.
245 _aProgramming in C/
_cby Ashok N. Kamthane and Amit Ashok Kamthane; edited by Neha Goomer and G. Sharmilee
250 _a3rd edition
260 _aNoida
_bPearson
_c2020
270 _a15th floor,Tower-B,Word Trade Tower,Plot no.1,Block-C sec 16,
_bNoida
_e201301
_k04466540100
_mcompanysecretary.india@pearson.com
300 _axiii;672p.
_c23.5cm(pbk)
_bTables and Illustrations
500 _aIncludes Appendix and Index
700 _aKamthane, Amit Ashok
700 _aGoomer, Neha
700 _aSharmilee, G.
942 _2ddc
_cEN
_h005.133
_mKAM